Odessa /

Guardado en:
Autor Principal: Forsyth, Frederick
Formato: Libro
Publicado: Barcelona : Plaza & Janes, 1974
Materias:
Etiquetas: Agregar Etiqueta
Sin Etiquetas, Sea el primero en etiquetar este registro!
LEADER 00542nam a22002055a 4500
001 CEM.cems016927
005 20100615120323.0
008 130507s1974##################000#0#####d
003 CEMS
020 |a 8401450026 
082 0 4 |a 823 
100 1 |a Forsyth, Frederick 
245 1 0 |a Odessa /  |c Frederick Forsyth, 
260 |a Barcelona :  |b Plaza & Janes,  |c 1974 
300 |a 317 p. 
653 |a Novelas 
653 |a Novela inglesa 
653 |a Literatura inglesa 
653 |a Literatura 
859 |a CEMS  |b BIB. CEMS - Agricultura  |h 823  |i F775  |p A0193.00  |t Ej.1